000
00274nam a2200109Ia 4500
008
220216s9999 xx 000 0 und d
100
_a
Peirce C E
245
0
_a
Anti-vibration products for motor engines
260
_b
IRI Transactions
_c
1940
300
_a
15-Oct
942
_c
JS
999
_c
54334
_d
54334